Стратегия и тактика большевиков в борьбе за победу Октября

Библиографические подробности
Другие авторы: Кувшинов В. А. (редактор)
Примечания:Авт. указаны в огл.
Язык:русский
Опубликовано: Москва, Изд-во Московского ун-та, 1988
Серии:КПСС: история и современность
Предметы:
Формат: MixedMaterials Книга
Запись в KOHA:https://koha.lib.tpu.ru/cgi-bin/koha/opac-detail.pl?biblionumber=259491

MARC

LEADER 00000nam0a2200000 4500
001 259491
005 20231101233406.0
010 |a 5211000412 
020 |a RU  |b 88-24127 
035 |a (RuTPU)RU\TPU\book\282434 
090 |a 259491 
100 |a 20140508d1988 k y0rusy5003 ca 
101 0 |a rus 
102 |a RU 
105 |a y z 001zy 
200 1 |a Стратегия и тактика большевиков в борьбе за победу Октября  |f под ред. В. А. Кувшинова 
210 |a Москва  |c Изд-во Московского ун-та  |d 1988 
215 |a 192 с. 
225 1 |a КПСС: история и современность 
300 |a Авт. указаны в огл. 
320 |a Библиогр. в примеч.: с. 166-187. 
606 1 |a Партийное строительство  |x До октябрьский период  |2 stltpush  |3 (RuTPU)RU\TPU\subj\48338  |9 67211 
610 1 |a КПСС 
610 1 |a стратегия 
610 1 |a СССР 
610 1 |a тактика 
610 1 |a история 
610 1 |a Октябрьская революция 1917 
686 |a Ф61(2)257  |2 rubbk 
702 1 |a Кувшинов  |b В. А.  |4 340 
801 0 |a RU  |b RuMRKP  |c 19950417  |g psbo 
801 1 |a RU  |b 63413507  |c 20140508 
801 2 |a RU  |b 63413507  |c 20150120  |g RCR 
942 |c BK